00909nam a2200253 a 450000100060000000300080000600500170001400800410003102000260007203500190009804000270011704100080014408200310015210000240018324500740020726000640028130000200034550400520036552000400041765000440045765000480050165000500054971000560059957109BD-RjUL20211209080453.0161206s1995 bg b 000 0 eng  a9845590691c Tk.70.00 a(BD-RjUL)57233 aDLCcDLCdBD-RjULbeng aeng00a305.42095492223bKAI 19951 aKabir, Nurun Nahar.10aImpact of development programmes on rural women /cNurun Nahar Kabir. aComilla :bBangladesh Academy for Rural Development,c1995. a49 p. ;c23 cm. aIncludes bibliographical references (p. 48-49). aStudy with reference to Bangladesh. 0aWomen in rural developmentzBangladesh. 0aRural womenzBangladeshxSocial conditions. 0aRural womenzBangladeshxEconomic conditions.2 aBāṃlādeśa Pallī Unnaẏana Ekāḍemī.